<?xml version="1.0" encoding="UTF-8"?>
<record
    xmlns:xsi="http://www.w3.org/2001/XMLSchema-instance"
    xsi:schemaLocation="http://www.loc.gov/MARC21/slim http://www.loc.gov/standards/marcxml/schema/MARC21slim.xsd"
    xmlns="http://www.loc.gov/MARC21/slim">

  <leader>00328nam a22001337a 4500</leader>
  <datafield tag="082" ind1=" " ind2=" ">
    <subfield code="a">615 SEA</subfield>
  </datafield>
  <datafield tag="100" ind1=" " ind2=" ">
    <subfield code="a">Institiute of chemistry ceylon</subfield>
  </datafield>
  <datafield tag="245" ind1=" " ind2=" ">
    <subfield code="a">Search for Drugs</subfield>
  </datafield>
  <datafield tag="250" ind1=" " ind2=" ">
    <subfield code="a">Seminar Reports</subfield>
  </datafield>
  <datafield tag="260" ind1=" " ind2=" ">
    <subfield code="a">Colombo</subfield>
    <subfield code="b">Institiute of Chemistry Ceylon</subfield>
    <subfield code="c">2006</subfield>
  </datafield>
  <datafield tag="300" ind1=" " ind2=" ">
    <subfield code="a">35</subfield>
  </datafield>
  <datafield tag="650" ind1=" " ind2=" ">
    <subfield code="a">drugs</subfield>
    <subfield code="a">seminar reports</subfield>
  </datafield>
  <datafield tag="942" ind1=" " ind2=" ">
    <subfield code="c">BK</subfield>
  </datafield>
  <datafield tag="999" ind1=" " ind2=" ">
    <subfield code="c">3279</subfield>
    <subfield code="d">3279</subfield>
  </datafield>
  <datafield tag="952" ind1=" " ind2=" ">
    <subfield code="0">0</subfield>
    <subfield code="1">0</subfield>
    <subfield code="7">0</subfield>
    <subfield code="8">NFIC</subfield>
    <subfield code="a">IC</subfield>
    <subfield code="b">IC</subfield>
    <subfield code="c">GEN</subfield>
    <subfield code="d">2016-03-26</subfield>
    <subfield code="l">0</subfield>
    <subfield code="o">615 SEA</subfield>
    <subfield code="p">004267</subfield>
    <subfield code="r">2016-03-26 00:00:00</subfield>
    <subfield code="w">2016-03-26</subfield>
    <subfield code="y">SEMNR</subfield>
  </datafield>
  <datafield tag="952" ind1=" " ind2=" ">
    <subfield code="0">0</subfield>
    <subfield code="1">0</subfield>
    <subfield code="7">0</subfield>
    <subfield code="8">NFIC</subfield>
    <subfield code="a">IC</subfield>
    <subfield code="b">IC</subfield>
    <subfield code="c">GEN</subfield>
    <subfield code="d">2016-03-26</subfield>
    <subfield code="l">0</subfield>
    <subfield code="o">615 SEA</subfield>
    <subfield code="p">004268</subfield>
    <subfield code="r">2016-03-26 00:00:00</subfield>
    <subfield code="w">2016-03-26</subfield>
    <subfield code="y">SEMNR</subfield>
  </datafield>
  <datafield tag="952" ind1=" " ind2=" ">
    <subfield code="0">0</subfield>
    <subfield code="1">0</subfield>
    <subfield code="7">0</subfield>
    <subfield code="8">NFIC</subfield>
    <subfield code="a">IC</subfield>
    <subfield code="b">IC</subfield>
    <subfield code="c">GEN</subfield>
    <subfield code="d">2016-03-26</subfield>
    <subfield code="l">0</subfield>
    <subfield code="o">615 SEA</subfield>
    <subfield code="p">004269</subfield>
    <subfield code="r">2016-03-26 00:00:00</subfield>
    <subfield code="w">2016-03-26</subfield>
    <subfield code="y">SEMNR</subfield>
  </datafield>
  <datafield tag="952" ind1=" " ind2=" ">
    <subfield code="0">0</subfield>
    <subfield code="1">0</subfield>
    <subfield code="7">0</subfield>
    <subfield code="8">NFIC</subfield>
    <subfield code="a">IC</subfield>
    <subfield code="b">IC</subfield>
    <subfield code="c">GEN</subfield>
    <subfield code="d">2016-03-26</subfield>
    <subfield code="l">0</subfield>
    <subfield code="o">615 SEA</subfield>
    <subfield code="p">004270</subfield>
    <subfield code="r">2016-03-26 00:00:00</subfield>
    <subfield code="w">2016-03-26</subfield>
    <subfield code="y">SEMNR</subfield>
  </datafield>
</record>
